POVERTY WELFARE MONITORING INDICATORS (Record no. 4155)

000 -LEADER
fixed length control field 00299nam a22000977a 4500
008 - FIXED-LENGTH DATA ELEMENTS--GENERAL INFORMATION
fixed length control field 160425b xxu||||| |||| 00| 0 eng d
082 ## -
Classification number 362.5 URT
100 ## - MAIN ENTRY--PERSONAL NAME
Personal name THE UNITED REPUBLIC OF TANZANIA.
245 ## - TITLE STATEMENT
Title POVERTY WELFARE MONITORING INDICATORS
260 ## - PUBLICATION, DISTRIBUTION, ETC. (IMPRINT)
Place of publication, distribution, etc. DAR ES SALAAM,
Name of publisher, distributor, etc. VICE PRESIDENT`S OFFICE,
Date of publication, distribution, etc. 1999.
Holdings
Withdrawn status Lost status Source of classification or shelving scheme Damaged status Koha normalized classification for sorting Not for loan Home library Current library Shelving location Date acquired Total Checkouts Full call number Barcode Date last seen Price effective from Koha item type
        362_500000000000000_URT Not For Loan Dodoma Dodoma Reference 25/04/2016   362.5 URT 000000012170 29/07/2019 25/04/2016 BOOKS

IRDP © 2019 :: Managed by IRDP ICT Unit